00463nam a22001577a 450000500170000001000150001702000260003203500140005803700130007208200120008510000160009724500820011326000360019527000540023130000200028520190323152559.0 aENG-124917 c150.00a9789350578704 aEN-108449 bDBAD/PUB a616.462 aSethi, A.K. aKnowing diabetes:bby A.K. Sethichow it affects different parts of the body/ aNew DelhibV&S Publishersc2017 aF-2/16, Ansari Road, DaryaganjbNew Delhie110002 a46p.c21cm(pbk)